[Event "Tournoi Skype 025B"]
[Site "Skype"]
[Date "????.??.??"]
[Round "1.1"]
[White "Moumtaz, Abderrahim"]
[Black "Franco, Yolima"]
[Result "1-0"]
[WhiteElo "1244"]
[BlackElo "1574"]
[PlyCount "51"]

1. d4 Nf6 2. c4 g6 3. Nc3 Bg7 4. e4 d6 5. Nf3 O-O 6. Be2 Bg4 7. O-O Nbd7 8. Bf4
Nh5 9. Bg5 h6 10. Be3 c5 11. Qd2 cxd4 12. Nxd4 Bxe2 13. Ndxe2 g5 14. f4 f6 15.
g4 gxf4 16. Bf2 Ne5 17. Qd5+ Kh7 18. gxh5 Qd7 19. Kh1 Qh3 20. Nxf4 Qf3+ 21. Ng2
Ng4 22. Bg1 Qh3 23. Nf4 Qh4 24. Qf5+ Kg8 25. Ncd5 Rf7 26. Ng6 1-0

[Event "Tournoi Skype 025B"]
[Site "Skype"]
[Date "????.??.??"]
[Round "1.2"]
[White "Bendre, Pankaj"]
[Black "Yilmazer, Seher"]
[Result "1-0"]
[WhiteElo "1486"]
[BlackElo "1241"]
[PlyCount "55"]

1. e4 c5 2. Nf3 Nc6 3. d4 cxd4 4. Nxd4 Nf6 5. Nc3 Nxe4 6. Nxe4 d5 7. Nc3 e5 8.
Nxc6 bxc6 9. a3 Bc5 10. Be2 d4 11. Ne4 Be7 12. O-O O-O 13. Bf3 f5 14. Ng3 f4
15. Ne4 Bf5 16. c3 Rc8 17. cxd4 Qc7 18. dxe5 Qxe5 19. Nc3 Qf6 20. Re1 Rcd8 21.
Qb3+ Be6 22. Qxe6+ Qxe6 23. Rxe6 Kf7 24. Re1 Rde8 25. Bxf4 g6 26. Bh6 Rg8 27.
Bxc6 Rd8 28. Bd5+ 1-0

[Event "Tournoi Skype 025B"]
[Site "Skype"]
[Date "????.??.??"]
[Round "1.3"]
[White "Maccaferri, Massimo"]
[Black "Galani, Mahendra"]
[Result "0-1"]
[WhiteElo "1215"]
[BlackElo "1484"]
[PlyCount "44"]

1. b3 Nf6 2. Ba3 d6 3. d4 e6 4. Qd3 Nd5 5. e4 Nf4 6. Qf3 Ng6 7. h4 Nxh4 8. Qg3
Ng6 9. e5 Nc6 10. exd6 cxd6 11. Bxd6 Bxd6 12. Qxd6 Qxd6 13. c3 e5 14. dxe5
Qxe5+ 15. Be2 Bf5 16. Nf3 Qe7 17. Nbd2 Bd3 18. Ng1 Nf4 19. O-O-O Bxe2 20. Re1
O-O-O 21. Nxe2 Nxe2+ 22. Kd1 Nxc3+ 0-1

[Event "Tournoi Skype 025B"]
[Site "Skype"]
[Date "????.??.??"]
[Round "1.4"]
[White "Engul, Serdar"]
[Black "Prasad, Sanjay"]
[Result "1-0"]
[WhiteElo "1470"]
[BlackElo "1212"]
[PlyCount "35"]

1. e4 e5 2. Bc4 Nf6 3. Nc3 c6 4. Nf3 d6 5. h3 b5 6. Bb3 Nbd7 7. O-O h6 8. d4
exd4 9. Nxd4 Bb7 10. Re1 Nc5 11. e5 dxe5 12. Rxe5+ Be7 13. Bf4 O-O 14. Nf5 Re8
15. Qe2 Nxb3 16. axb3 Qd7 17. Nxe7+ Rxe7 18. Rxe7 1-0

[Event "Tournoi Skype 025B"]
[Site "Skype"]
[Date "????.??.??"]
[Round "1.5"]
[White "Hernandez Lopez, Joaquin"]
[Black "Pouteau, Pascal"]
[Result "1-0"]
[WhiteElo "1207"]
[BlackElo "1457"]
[PlyCount "79"]

1. e4 e5 2. Nf3 Nc6 3. Bc4 Bc5 4. c3 Nf6 5. d4 exd4 6. cxd4 Bb4+ 7. Nc3 Nxe4 8.
Bd2 Nxd2 9. Qxd2 d5 10. Be2 O-O 11. O-O Bg4 12. Rfe1 h6 13. Ne5 Nxe5 14. dxe5
Bxe2 15. Qxe2 d4 16. Rad1 c5 17. Qc4 b5 18. Qxb5 Qc7 19. a3 Rab8 20. Qc4 dxc3
21. axb4 cxb2 22. Rb1 Rxb4 23. Qd5 a5 24. Re2 Rfb8 25. e6 Rd4 26. exf7+ Qxf7
27. Qxc5 Rc4 28. Qxa5 Rc1+ 29. Re1 Rxe1+ 30. Qxe1 Re8 31. Qa5 Qe6 32. h3 Rc8
33. Rxb2 Rc1+ 34. Kh2 Qd6+ 35. g3 Rc5 36. Qa8+ Kh7 37. Qe4+ Qg6 38. Qe7 Qc6 39.
Rb7 Rc1 40. Qxg7# 1-0

[Event "Tournoi Skype 025B"]
[Site "Skype"]
[Date "????.??.??"]
[Round "1.6"]
[White "Couto, Januario"]
[Black "Mendoza Lainez, Ricardo Jose"]
[Result "1-0"]
[WhiteElo "1433"]
[BlackElo "1206"]
[PlyCount "65"]

1. e4 c5 2. Nf3 d6 3. c3 Nf6 4. Bd3 a6 5. O-O e5 6. Bc2 Nc6 7. d4 Bg4 8. d5 Ne7
9. Nbd2 Ng6 10. h3 Bxh3 11. gxh3 Nf4 12. Kh2 N6h5 13. Rg1 Qd7 14. Qf1 Be7 15.
Nc4 Qd8 16. Ne3 g6 17. Ng2 Nxh3 18. Kxh3 Qd7+ 19. Kh2 f5 20. exf5 gxf5 21. Nfh4
e4 22. Qe2 Nf6 23. Ne3 f4 24. Nef5 Bf8 25. Bxe4 O-O-O 26. Bxf4 Ne8 27. b4 Qf7
28. a4 Ng7 29. Bg3 Nh5 30. Raf1 Qf6 31. Qxh5 Qxc3 32. bxc5 Qxc5 33. Rc1 1-0

[Event "Tournoi Skype 025B"]
[Site "Skype"]
[Date "????.??.??"]
[Round "1.7"]
[White "Blaevoet, Rebecca"]
[Black "Cayo, Ana Carolina"]
[Result "0-1"]
[WhiteElo "1196"]
[BlackElo "1431"]
[PlyCount "64"]

1. e4 c6 2. d4 d5 3. Nf3 Bg4 4. Bc4 dxc4 5. Nbd2 b5 6. O-O e6 7. b3 Nf6 8. Qe2
Qxd4 9. Bb2 Qxb2 10. Rab1 Qxc2 11. bxc4 bxc4 12. Qxc4 Qxc4 13. Nxc4 Nxe4 14.
Rb7 Na6 15. Rd1 Nf6 16. h3 Bxf3 17. gxf3 Bc5 18. f4 O-O 19. Kg2 Rad8 20. Rd2
Rxd2 21. Nxd2 Rd8 22. Nb3 Bb6 23. a4 Kf8 24. a5 Bd4 25. Kg3 Ne4+ 26. Kf3 Nxf2
27. h4 Nd1 28. Kg4 Bf2 29. f5 Nc5 30. Rxa7 Nxb3 31. Rb7 Nxa5 32. fxe6 Nxb7 0-1

[Event "Tournoi Skype 025B"]
[Site "Skype"]
[Date "????.??.??"]
[Round "1.8"]
[White "Lucena Vaz, Jose"]
[Black "Codina, Teresa"]
[Result "1-0"]
[WhiteElo "1430"]
[BlackElo "1195"]
[PlyCount "83"]

1. e4 c5 2. Nc3 d6 3. f4 e6 4. Nf3 Nf6 5. d3 Nc6 6. Be3 Be7 7. g3 O-O 8. Bg2 a6
9. O-O Bd7 10. Qd2 Ng4 11. Bf2 Nxf2 12. Qxf2 Qc8 13. e5 d5 14. Ne2 Bd8 15. c3
Bb6 16. Rac1 Qb8 17. h3 Qa7 18. g4 h6 19. Kh1 Ne7 20. Qg3 Bd8 21. h4 Ng6 22. h5
Nh8 23. g5 g6 24. gxh6 Kh7 25. hxg6+ Nxg6 26. Qh2 Rh8 27. Ng5+ Bxg5 28. fxg5
Raf8 29. Rf6 b5 30. Rcf1 Be8 31. Bf3 b4 32. Bh5 bxc3 33. bxc3 Qb7 34. Bxg6+
fxg6 35. Rxf8 Rxf8 36. Rxf8 d4+ 37. Kg1 Bf7 38. Qf4 Qb1+ 39. Kf2 Qxd3 40. Rxf7+
Kg8 41. Rf8+ Kh7 42. Qf7# 1-0

[Event "Tournoi Skype 025B"]
[Site "Skype"]
[Date "????.??.??"]
[Round "1.9"]
[White "Khatanhar, Mohit"]
[Black "Duthoit, Bernard"]
[Result "1-0"]
[WhiteElo "1194"]
[BlackElo "1422"]
[PlyCount "71"]

1. e4 e6 2. c4 c5 3. d3 Nc6 4. Nf3 a6 5. Be2 b5 6. b3 g6 7. Bb2 f6 8. O-O Bg7
9. Nbd2 d6 10. h3 Nh6 11. Nh2 Nf7 12. f4 O-O 13. f5 exf5 14. exf5 Bxf5 15. Ndf3
Nfe5 16. d4 Nxf3+ 17. Bxf3 Rc8 18. Bxc6 Rxc6 19. d5 Rc7 20. Qe1 bxc4 21. bxc4
Bd3 22. Qe6+ Kh8 23. Rfc1 Re7 24. Qg4 Re4 25. Qf3 Qe7 26. Qxd3 Re3 27. Qf1 Re2
28. Re1 Re8 29. Reb1 Qe3+ 30. Kh1 Rf2 31. Qg1 Qe2 32. Ng4 Rf4 33. Re1 Rf1 34.
Qxf1 Qxf1+ 35. Rxf1 Re7 36. Rae1 1-0

[Event "Tournoi Skype 025B"]
[Site "Skype"]
[Date "????.??.??"]
[Round "1.10"]
[White "Teles, Jeferson Lisboa"]
[Black "Sanchez, Pedro"]
[Result "1-0"]
[WhiteElo "1417"]
[BlackElo "1193"]
[PlyCount "41"]

1. e4 d5 2. exd5 Qxd5 3. Nc3 Qd8 4. Bc4 e5 5. Nf3 Qf6 6. O-O Bg4 7. Ne4 Qf4 8.
d3 Qh6 9. Bxh6 Nxh6 10. h3 Bxf3 11. Qxf3 Bd6 12. Nxd6+ cxd6 13. Qxb7 d5 14.
Bb5+ Kf8 15. Qxa8 Ke7 16. Qxa7+ Kf6 17. Qc7 Nf5 18. g4 Nd4 19. f4 Nxb5 20.
Qxe5+ Kg6 21. Qg5# 1-0

[Event "Tournoi Skype 025B"]
[Site "Skype"]
[Date "????.??.??"]
[Round "1.11"]
[White "Vervoort, Jean-Louis"]
[Black "Borg, Anthony"]
[Result "1-0"]
[WhiteElo "1192"]
[BlackElo "1348"]
[PlyCount "23"]

1. d4 d5 2. c4 dxc4 3. e4 e6 4. e5 Bb4+ 5. Bd2 Bxd2+ 6. Qxd2 Nh6 7. Nf3 Qd5 8.
Nc3 Qc6 9. b3 cxb3 10. Bb5 Qxb5 11. Nxb5 O-O 12. Nxc7 1-0

[Event "Tournoi Skype 025B"]
[Site "Skype"]
[Date "????.??.??"]
[Round "1.12"]
[White "Perez, Luis Horacio"]
[Black "Chavez, Isidro"]
[Result "1-0"]
[WhiteElo "1397"]
[BlackElo "1189"]
[PlyCount "52"]

1. e4 e5 2. Nf3 d6 3. Bc4 Be7 4. d4 Nc6 5. Be3 Nf6 6. Nc3 a6 7. a3 b5 8. Ba2
O-O 9. Qd2 Bg4 10. O-O-O Rc8 11. h3 Be6 12. Bxe6 fxe6 13. Qe2 Qe8 14. dxe5 dxe5
15. g4 Nd8 16. g5 Nd7 17. h4 c5 18. h5 g6 19. hxg6 Qxg6 20. Rxd7 Rf7 21. Nxe5
Qg7 22. Nxf7 Nxf7 23. Rxe7 b4 24. Qd3 bxc3 25. bxc3 e5 26. Qd7 Rf8 1-0

[Event "Tournoi Skype 025B"]
[Site "Skype"]
[Date "????.??.??"]
[Round "1.13"]
[White "Hargez, Dany"]
[Black "Malbec, Robert"]
[Result "0-1"]
[WhiteElo "1189"]
[BlackElo "1394"]
[PlyCount "56"]

1. e4 e5 2. d4 exd4 3. Qxd4 Nf6 4. Bg5 c5 5. Qd1 d6 6. Bb5+ Nbd7 7. Nc3 a6 8.
Ba4 b5 9. Bb3 Bb7 10. Nd5 c4 11. Bxc4 bxc4 12. c3 Bxd5 13. Qxd5 Nb6 14. Qd2 Qe7
15. Qe3 Rb8 16. Nf3 Qe6 17. Bxf6 Qxf6 18. O-O Be7 19. Nd4 O-O 20. a4 Rfe8 21.
a5 Nd7 22. Qc1 Ne5 23. f4 Nd3 24. Qe3 Qh6 25. b4 Ne5 26. Nf5 Ng4 27. h4 Nxe3
28. Nxh6+ gxh6 0-1

[Event "Tournoi Skype 025B"]
[Site "Skype"]
[Date "????.??.??"]
[Round "1.14"]
[White "Pezzolato, Erica"]
[Black "Kumbhar, Ashok"]
[Result "1-0"]
[WhiteElo "1390"]
[BlackElo "1189"]
[PlyCount "122"]

1. Nf3 Nf6 2. g3 Nc6 3. Bg2 e5 4. d3 d5 5. O-O Bf5 6. Nh4 Be6 7. Bg5 h6 8. Bxf6
Qxf6 9. Nc3 Bd6 10. Nxd5 Bxd5 11. Bxd5 Bc5 12. c3 O-O-O 13. Qb3 Rhf8 14. Bg2 g5
15. Nf3 Bb6 16. Nd2 Na5 17. Qc2 g4 18. e3 Rd6 19. Ne4 Qe7 20. Nxd6+ Qxd6 21. d4
exd4 22. exd4 Nc4 23. b3 Na3 24. Qf5+ Qe6 25. Qxe6+ fxe6 26. Rae1 Rf6 27. Re5
c6 28. Rfe1 Nb5 29. Rxe6 Rxe6 30. Rxe6 Nxc3 31. Rxh6 Nxa2 32. d5 cxd5 33. Bxd5
Nc3 34. Be6+ Kc7 35. Bxg4 Ne4 36. Rh7+ Kb8 37. Rf7 Ng5 38. Rf8+ Kc7 39. Kg2 Bc5
40. Rg8 Ne4 41. f4 Nf6 42. Rg7+ Kb8 43. Bf3 b6 44. g4 Bd4 45. g5 Ng4 46. Rg8+
Kc7 47. Bxg4 Kd6 48. Kf3 Ke7 49. h4 Kf7 50. Rd8 Bc5 51. Rd7+ Ke8 52. Rxa7 Kf8
53. Ke4 Kg8 54. Kf5 Kf8 55. g6 Kg8 56. h5 Bf8 57. Ke6 b5 58. f5 b4 59. f6 Bc5
60. Ra8+ Bf8 61. h6 Kh8 1-0

[Event "Tournoi Skype 025B"]
[Site "Skype"]
[Date "????.??.??"]
[Round "1.15"]
[White "Conde, Carmen"]
[Black "Martin, Jean-Claude"]
[Result "0-1"]
[WhiteElo "1183"]
[BlackElo "1389"]
[PlyCount "162"]

1. e4 e5 2. g3 Nf6 3. d3 d6 4. Nc3 Nc6 5. Bg2 Be7 6. a3 h6 7. Be3 O-O 8. Nge2
Ng4 9. Qd2 Nxe3 10. Qxe3 Bg5 11. f4 exf4 12. Nxf4 Bf6 13. h4 Nd4 14. O-O-O Re8
15. Kb1 Nf5 16. Qf2 Bd4 17. Qf3 Bxc3 18. bxc3 Ne7 19. Qh5 c6 20. d4 Qb6+ 21.
Kc1 d5 22. e5 Be6 23. Rhf1 Qa5 24. Nxe6 Qxa3+ 25. Kd2 fxe6 26. Qf7+ Kh8 27.
Qxe6 Ng8 28. Qg6 Rf8 29. Rxf8 Rxf8 30. e6 Rf2+ 31. Ke3 Rxg2 32. Rf1 Qxc3+ 33.
Kf4 Qd2+ 34. Kg4 Qxd4+ 35. Kh3 Rf2 36. Re1 Qf6 37. Qxf6 Rxf6 38. e7 Nxe7 39.
Rxe7 Rf2 40. Rxb7 Rxc2 41. Rxa7 d4 42. Rd7 c5 43. Rd8+ Kh7 44. h5 Rc3 45. Kg2
d3 46. Kf1 Rc1+ 47. Kf2 c4 48. Ke3 Rc2 49. g4 Re2+ 50. Kd4 d2 51. Kxc4 Re4+ 52.
Kc3 Rxg4 53. Kxd2 Rg5 54. Ke3 Rxh5 55. Rd7 Rf5 56. Ke4 Kg6 57. Rd6+ Rf6 58. Rd5
h5 59. Rd3 h4 60. Rh3 Kg5 61. Rh1 Rf4+ 62. Ke5 g6 63. Rg1+ Rg4 64. Rh1 Rg3 65.
Ke4 h3 66. Ke5 Kg4 67. Kf6 Rg2 68. Kxg6 Kg3 69. Kh5 h2 70. Kg5 Kh3+ 71. Kf4 Rg1
72. Rxh2+ Kxh2 73. Kf3 Rf1+ 74. Kg4 Kg2 75. Kg5 Kg3 76. Kh5 Rf5+ 77. Kg6 Kg4
78. Kh6 Rf6+ 79. Kg7 Kg5 80. Kg8 Kg6 81. Kh8 Rf8# 0-1

[Event "Tournoi Skype 025B"]
[Site "Skype"]
[Date "????.??.??"]
[Round "1.16"]
[White "Amato, Ludovica"]
[Black "Le Bouill, Pierre"]
[Result "1-0"]
[WhiteElo "1379"]
[BlackElo "1182"]
[PlyCount "99"]

1. e4 d6 2. d4 e6 3. Nf3 g6 4. Be2 Bg7 5. Nc3 a6 6. Bf4 Nc6 7. Qd2 Qf6 8. Bg5
Bh6 9. Bxh6 Nxh6 10. Qxh6 Nxd4 11. Nxd4 Qxd4 12. O-O b6 13. a3 Bb7 14. Rfd1 Qe5
15. Qe3 O-O 16. Bf3 Rad8 17. Rd3 a5 18. Rad1 Ba6 19. R3d2 Bb7 20. Qd4 f6 21.
Qxe5 fxe5 22. Nb5 Rf7 23. Bg4 Re7 24. Nxc7 Rxc7 25. Bxe6+ Kg7 26. Rxd6 Rxd6 27.
Rxd6 Rxc2 28. h3 Bxe4 29. Rxb6 Rc1+ 30. Kh2 Rc2 31. Kg3 Rc7 32. Rb5 Rb7 33.
Rxe5 Bc6 34. Rxa5 Rxb2 35. Rc5 Ba4 36. Rc7+ Kf6 37. Ra7 Kxe6 38. Rxa4 Rb3+ 39.
Kf4 Rb2 40. Ke4 Re2+ 41. Kd4 Rb2 42. Ra6+ Kf7 43. g3 Rb3 44. a4 Rb4+ 45. Ke5
Ke7 46. Ra7+ Kf8 47. Rxh7 Rb2 48. f4 Re2+ 49. Kf6 Rg2 50. Rh8# 1-0

[Event "Tournoi Skype 025B"]
[Site "Skype"]
[Date "????.??.??"]
[Round "1.17"]
[White "Baker, Abi"]
[Black "Balanagendran"]
[Result "0-1"]
[WhiteElo "1179"]
[BlackElo "1361"]
[PlyCount "56"]

1. c4 c5 2. Nc3 Nf6 3. g3 g6 4. Bg2 Bg7 5. e4 d6 6. d3 O-O 7. Nge2 Bg4 8. Be3
Qd7 9. f3 Bh3 10. Nf4 Bxg2 11. Nxg2 Nc6 12. Nd5 Nxd5 13. cxd5 Bxb2 14. dxc6
Qxc6 15. Rb1 Bc3+ 16. Bd2 Bd4 17. Qb3 b6 18. Qd5 Qa4 19. Qb7 Qxa2 20. Rc1 Qa3
21. Qxe7 Qxd3 22. Qxd6 Qxf3 23. Bh6 Qxe4+ 24. Kd2 Qxg2+ 25. Kd3 Qf3+ 26. Kc4
Qe2+ 27. Kd5 Qa2+ 28. Rc4 Qg2# 0-1

[Event "Tournoi Skype 025B"]
[Site "Skype"]
[Date "????.??.??"]
[Round "1.18"]
[White "Franca, Diego"]
[Black "Bustos, Ricardo"]
[Result "0-1"]
[WhiteElo "1359"]
[BlackElo "1174"]
[PlyCount "60"]

1. d4 f5 2. g3 e6 3. Bg2 d5 4. Nf3 Nf6 5. Nbd2 Nc6 6. b3 Be7 7. O-O O-O 8. Bb2
Qe8 9. Re1 Bd7 10. c4 Bb4 11. Ne5 Bxd2 12. Qxd2 Nxe5 13. dxe5 Ne4 14. Qd3 Rd8
15. cxd5 Bb5 16. Qd4 Rxd5 17. Qxa7 Rd2 18. Qxb7 Rxb2 19. Qxc7 Qc6 20. Rec1 Qxc7
21. Rxc7 Bxe2 22. Bxe4 fxe4 23. Rac1 Ba6 24. Kg2 Rbxf2+ 25. Kh3 Bf1+ 26. Kg4
Rxh2 27. Kg5 Rf5+ 28. Kg4 Bh3+ 29. Kh4 Bg2+ 30. Kg4 h5# 0-1

[Event "Tournoi Skype 025B"]
[Site "Skype"]
[Date "????.??.??"]
[Round "1.19"]
[White "Lecluyse, Koenraad"]
[Black "Gerbaux, Regis"]
[Result "0-1"]
[WhiteElo "1173"]
[BlackElo "1355"]
[PlyCount "72"]

1. d4 d5 2. Nf3 Nc6 3. Bf4 e6 4. e3 Bd6 5. Bxd6 Qxd6 6. Bd3 Nf6 7. O-O O-O 8.
c3 a6 9. a4 e5 10. Nxe5 Nxe5 11. dxe5 Qxe5 12. Nd2 Bg4 13. Qc2 Bh5 14. Rfe1 Ng4
15. g3 Bg6 16. Nf3 Nxe3 17. Rxe3 Qf6 18. Rae1 c5 19. Bxg6 fxg6 20. Kg2 d4 21.
cxd4 cxd4 22. Nxd4 Qxd4 23. Qb3+ Kh8 24. Qxb7 Rad8 25. R1e2 Qf6 26. Re7 h5 27.
R7e6 Qg5 28. Qe4 Kh7 29. h4 Qg4 30. Qb7 Rd3 31. R2e3 Rxe3 32. Rxe3 Qf5 33. Qxa6
Qxf2+ 34. Kh3 Qxe3 35. Qd6 Qg1 36. Qxf8 Qh1# 0-1

[Event "Tournoi Skype 025B"]
[Site "Skype"]
[Date "????.??.??"]
[Round "1.20"]
[White "De Coninck, Philippe"]
[Black "Cengiz, Ali Ekber"]
[Result "1-0"]
[WhiteElo "1354"]
[BlackElo "1147"]
[PlyCount "51"]

1. e4 e5 2. f4 d6 3. Nf3 Nc6 4. Bb5 Bd7 5. O-O a6 6. Bxc6 Bxc6 7. d3 Nf6 8.
fxe5 dxe5 9. Nxe5 Qd4+ 10. Kh1 Qxe5 11. Bf4 Qxb2 12. Nd2 Qd4 13. Bxc7 Bd7 14.
Qf3 Be7 15. e5 Bc6 16. Ne4 Rc8 17. exf6 gxf6 18. Bg3 Rg8 19. Rae1 Bd7 20. Nxf6+
Kf8 21. Nxg8 Be6 22. Rxe6 Qg7 23. Nxe7 Re8 24. Be5 f6 25. Rxf6+ Kxe7 26. Rf7+
1-0

[Event "Tournoi Skype 025B"]
[Site "Skype"]
[Date "????.??.??"]
[Round "1.21"]
[White "Gonzalez, Ivan"]
[Black "Munoz Gonzalez, Martin"]
[Result "0-1"]
[WhiteElo "1146"]
[BlackElo "1353"]
[PlyCount "80"]

1. Nf3 c5 2. c4 Nc6 3. e4 d6 4. Nc3 Nf6 5. d3 e5 6. h3 Be7 7. Be2 h6 8. O-O O-O
9. Be3 a6 10. Re1 Bd7 11. a3 Nd4 12. Rc1 Qb6 13. b4 Rad8 14. Nd5 Nxd5 15. exd5
Nxf3+ 16. Bxf3 f5 17. Rb1 Qc7 18. Qb3 f4 19. Bd2 Rf6 20. Bc3 Rg6 21. bxc5 Bxh3
22. cxd6 Qxd6 23. Bxe5 Qd7 24. Bxf4 Rf8 25. g3 Rxf4 26. Qxb7 Qxb7 27. Rxb7 Rxf3
28. Rbxe7 Rxd3 29. Re8+ Kh7 30. Kh2 Bd7 31. R8e7 Rd6 32. R1e4 Rxa3 33. R4e5 Rc3
34. R5e6 Bxe6 35. dxe6 Rxc4 36. Re8 Re4 37. e7 a5 38. Rd8 Rde6 39. f3 Re2+ 40.
Kh3 Rxe7 0-1

[Event "Tournoi Skype 025B"]
[Site "Skype"]
[Date "????.??.??"]
[Round "1.22"]
[White "Luna Perez Vico, Lorenzo"]
[Black "Tembhurnekar, Ritu"]
[Result "0-1"]
[WhiteElo "1352"]
[BlackElo "1140"]
[PlyCount "70"]

1. e4 e5 2. Nf3 Nc6 3. Bb5 Nf6 4. O-O a6 5. Ba4 Bc5 6. Bxc6 bxc6 7. Nxe5 Nxe4
8. d4 Bb6 9. Re1 d5 10. c3 O-O 11. Nd2 Nxd2 12. Bxd2 c5 13. Be3 c4 14. Qf3 f6
15. Nxc4 Rb8 16. Nxb6 Rxb6 17. b3 Re6 18. Bd2 Rfe8 19. Rxe6 Bxe6 20. Re1 Qd7
21. Qd3 a5 22. Qa6 Bf5 23. Rxe8+ Qxe8 24. Kf1 Bd7 25. Kg1 a4 26. Qd3 axb3 27.
axb3 Qa8 28. h3 Qa1+ 29. Kh2 Qa8 30. g3 Qc8 31. Qf1 c6 32. f4 f5 33. Qf3 Qe8
34. c4 Be6 35. cxd5 Bxd5 0-1

[Event "Tournoi Skype 025B"]
[Site "Skype"]
[Date "????.??.??"]
[Round "1.23"]
[White "Mimouni, Driss"]
[Black "Hernandez, George"]
[Result "0-1"]
[WhiteElo "1139"]
[BlackElo "1334"]
[PlyCount "82"]

1. e4 e5 2. Nf3 Nc6 3. d4 Nf6 4. dxe5 Nxe4 5. Be3 d6 6. Bd3 Bf5 7. Nbd2 Nxd2 8.
Bxd2 Bxd3 9. cxd3 dxe5 10. Bg5 f6 11. Be3 Qd5 12. O-O O-O-O 13. d4 e4 14. Nd2
Nxd4 15. Bxd4 Qxd4 16. Re1 Bc5 17. Re2 f5 18. Qe1 Rhe8 19. Nb3 Bb4 20. Nxd4
Bxe1 21. Rexe1 Rxd4 22. Rad1 Rxd1 23. Rxd1 Rd8 24. Re1 g5 25. h3 h5 26. b4 b5
27. Rf1 Kb7 28. a3 Kb6 29. Kh2 a5 30. f3 e3 31. bxa5+ Kxa5 32. Rb1 e2 33. Re1
Rd2 34. Kg3 f4+ 35. Kf2 Ka4 36. g4 h4 37. Rxe2 Rxe2+ 38. Kxe2 Kxa3 39. Ke1 b4
40. Kd2 b3 41. Kc1 Ka2 0-1

[Event "Tournoi Skype 025B"]
[Site "Skype"]
[Date "????.??.??"]
[Round "1.24"]
[White "Sanchez Padilla, Armando Edilber"]
[Black "Porcabeuf, Jean-Marc"]
[Result "1-0"]
[WhiteElo "1329"]
[BlackElo "1129"]
[PlyCount "20"]

1. e4 e6 2. d4 d5 3. Nc3 c5 4. Nf3 Nd7 5. Bd3 c4 6. Be2 Ne7 7. Bg5 f6 8. Bh4
Qb6 9. Na4 Qc7 10. Bg3 Ng6 1-0

[Event "Tournoi Skype 025B"]
[Site "Skype"]
[Date "????.??.??"]
[Round "1.25"]
[White "Barrionuevo, Hilario"]
[Black "Mantelli, Luca"]
[Result "0-1"]
[WhiteElo "1121"]
[BlackElo "1320"]
[PlyCount "96"]

1. d4 Nf6 2. Bf4 d5 3. Nc3 g6 4. Nb5 Na6 5. Bg5 Bg7 6. e3 Ne4 7. Nf3 c6 8. Nc3
Qa5 9. b4 Qxb4 10. Qd3 Nxc3 11. a3 Ne4+ 12. axb4 Nxb4 13. Qb3 a5 14. Bd3 h6 15.
Bh4 g5 16. Bg3 Nf6 17. O-O Nh5 18. e4 g4 19. Ne5 Be6 20. exd5 Bxd5 21. Nc4 b5
22. Rfe1 bxc4 23. Bxc4 Nxg3 24. fxg3 Bxd4+ 25. Kf1 Bxa1 26. Rxa1 O-O 27. h3
gxh3 28. gxh3 Rfb8 29. Bxd5 cxd5 30. Qf3 e6 31. Qg4+ Kh7 32. Qh5 Ra7 33. g4 Rg8
34. Ke2 Rg5 35. Qh4 a4 36. c3 Nc6 37. Qg3 f5 38. Rf1 fxg4 39. h4 Rg8 40. Rf4 a3
41. Qd3+ Kh8 42. Rf1 a2 43. Ra1 Ne5 44. Qd4 Rag7 45. Qxe5 g3 46. Rxa2 Kh7 47.
Kd3 g2 48. Rxg2 Rxg2 0-1

[Event "Tournoi Skype 025B"]
[Site "Skype"]
[Date "????.??.??"]
[Round "1.26"]
[White "Scata, Laura"]
[Black "Homme, Jim"]
[Result "0-1"]
[WhiteElo "1320"]
[BlackElo "1117"]
[PlyCount "72"]

1. d4 Nf6 2. Nf3 d5 3. Bf4 Bf5 4. h3 Nc6 5. e3 e6 6. Nh4 Bb4+ 7. c3 Bd6 8. Bxd6
Qxd6 9. Nxf5 exf5 10. Bd3 Qe6 11. Qc2 Ne7 12. O-O O-O 13. Nd2 b6 14. Rae1 c5
15. Qb1 c4 16. Bc2 Ne4 17. Re2 Nxd2 18. Rxd2 Rfd8 19. f3 Qxe3+ 20. Rff2 Qg5 21.
Rde2 Rac8 22. Re5 g6 23. Rfe2 Rc7 24. Qe1 Re8 25. Rxd5 Rcc8 26. Rd7 Kf8 27.
Rxa7 Nc6 28. Rxe8+ Rxe8 29. Qxe8+ Kxe8 30. Ra8+ Nd8 31. Ba4+ Kf8 32. Rb8 Qf6
33. Rc8 Qd6 34. Rxc4 Qe6 35. Kf2 Qxc4 36. Bb3 Qd3 0-1

[Event "Tournoi Skype 025B"]
[Site "Skype"]
[Date "????.??.??"]
[Round "1.27"]
[White "Alverson, Ginny"]
[Black "Rodriguez, Nathalie"]
[Result "0-1"]
[WhiteElo "1078"]
[BlackElo "1319"]
[PlyCount "74"]

1. Nf3 Nc6 2. d4 d5 3. Nc3 Bf5 4. Bf4 h6 5. e3 Nf6 6. Bb5 e6 7. Bxc6+ bxc6 8.
O-O Be7 9. Re1 O-O 10. e4 Nxe4 11. Ne5 Nxc3 12. bxc3 c5 13. Nc6 Qd7 14. Ne5 Qa4
15. Qe2 cxd4 16. cxd4 c6 17. Nd3 Qxd4 18. Rab1 Qa4 19. Nb2 Qxf4 20. Nd3 Qd6 21.
Qd2 c5 22. Qf4 Qd8 23. Re5 Bd6 24. Qf3 c4 25. Qe3 cxd3 26. cxd3 Bxe5 27. Qxe5
Bxd3 28. Rd1 Bg6 29. Qd4 Re8 30. Qa4 Rc8 31. g3 Bc2 32. Qd4 Bxd1 33. Qxd1 Rc4
34. Kg2 Qc7 35. Qe2 Rc2 36. Qb5 Rb8 37. Qa4 Qc5 0-1

[Event "Tournoi Skype 025B"]
[Site "Skype"]
[Date "????.??.??"]
[Round "1.28"]
[White "De Nobrega, George"]
[Black "Latterra, Jeremias"]
[Result "0-1"]
[WhiteElo "1317"]
[BlackElo "1064"]
[PlyCount "46"]

1. e4 c5 2. Nf3 d6 3. d4 cxd4 4. Nxd4 Nf6 5. Nc3 a6 6. Nf3 b5 7. e5 Ng4 8. exd6
exd6 9. Qd5 Qb6 10. Be3 Nxe3 11. Qe4+ Be6 12. Qxe3 Qxe3+ 13. fxe3 Nd7 14. Bd3
Nc5 15. Be2 O-O-O 16. O-O d5 17. Ng5 d4 18. exd4 Rxd4 19. Nxf7 Bxf7 20. Rxf7
Ne6 21. Ra7 Bc5 22. Ra8+ Kb7 23. Rxh8 Rd1# 0-1

[Event "Tournoi Skype 025B"]
[Site "Skype"]
[Date "????.??.??"]
[Round "1.30"]
[White "Silva, Givson"]
[Black "Dorneles, Luis Eduardo"]
[Result "1-0"]
[WhiteElo "1297"]
[BlackElo "1042"]
[PlyCount "95"]

1. e4 e5 2. Nf3 Nc6 3. Bc4 Bc5 4. b4 Bxb4 5. c3 Bc5 6. d4 exd4 7. Nxd4 Nxd4 8.
cxd4 Bb4+ 9. Kf1 Be7 10. Qg4 g6 11. Qf3 f6 12. Bb2 c6 13. d5 cxd5 14. Bxd5 Qb6
15. Ba3 Bxa3 16. Nxa3 d6 17. Nc4 Qd8 18. Rc1 Qc7 19. Ke2 f5 20. exf5 Bxf5 21.
Bxb7 Rb8 22. Bc6+ Bd7 23. Bxd7+ Qxd7 24. Qd5 Qe7+ 25. Kd1 Rd8 26. Re1 Qxe1+ 27.
Kxe1 Nf6 28. Nxd6+ Ke7 29. Rc7+ Rd7 30. Qe5+ Kd8 31. Nf7+ Rxf7 32. Rxf7 Re8 33.
Qxe8+ Kxe8 34. Rxf6 Ke7 35. Ra6 h5 36. Rxa7+ Kf6 37. Rh7 Kg5 38. a4 Kg4 39. h3+
Kh4 40. a5 g5 41. g3+ Kxh3 42. Rxh5+ Kg2 43. Rxg5 Kh3 44. a6 Kg2 45. a7 Kh3 46.
a8=Q Kh2 47. Rh5+ Kg1 48. Qh1# 1-0

[Event "Tournoi Skype 025B"]
[Site "Skype"]
[Date "????.??.??"]
[Round "1.31"]
[White "Swanepoel, Karel"]
[Black "Santos, Joselito"]
[Result "0-1"]
[WhiteElo "1036"]
[BlackElo "1294"]
[PlyCount "82"]

1. e4 d5 2. e5 e6 3. d4 h6 4. Nf3 c5 5. Nc3 c4 6. g3 Bb4 7. a3 Bxc3+ 8. bxc3
Ne7 9. Bg2 O-O 10. O-O b6 11. Be3 Na6 12. Re1 Bd7 13. a4 b5 14. axb5 Bxb5 15.
Qb1 Nc7 16. Ra5 a6 17. Qb4 Nc6 18. Qa3 Nxa5 19. Qxa5 Ne8 20. Qxd8 Rxd8 21. Ra1
Ra8 22. Ra5 Nc7 23. h4 Rfb8 24. Bf4 Bd7 25. Nd2 Rb5 26. Ra4 Rb1+ 27. Nxb1 Bxa4
28. Na3 Bb5 29. g4 a5 30. h5 Ba4 31. g5 hxg5 32. Bxg5 Bxc2 33. Kh2 Bb3 34. f4
Kh7 35. Bf3 g6 36. Kh3 Rb8 37. Kh4 Nb5 38. hxg6+ Kxg6 39. Bh5+ Kg7 40. Bf6+ Kf8
41. Kg5 Nxa3 0-1

[Event "Tournoi Skype 025B"]
[Site "Skype"]
[Date "????.??.??"]
[Round "1.32"]
[White "Erten, Ozlem"]
[Black "Rushdi, Tuan"]
[Result "1-0"]
[WhiteElo "1290"]
[BlackElo "1005"]
[PlyCount "63"]

1. d4 Nf6 2. c4 c5 3. e3 cxd4 4. exd4 g6 5. Nf3 Bg7 6. Be2 O-O 7. O-O d5 8. Nc3
dxc4 9. Bxc4 Bg4 10. Be3 Qb6 11. Rb1 Qc6 12. Be2 Nbd7 13. h3 Bf5 14. Rc1 Qb6
15. Na4 Qd8 16. Nc5 Nxc5 17. dxc5 Ne4 18. b4 Nc3 19. Qxd8 Rfxd8 20. Rfe1 Nxa2
21. Rc4 Nc3 22. c6 bxc6 23. Rxc6 Nxe2+ 24. Rxe2 Be4 25. Rc7 Bxf3 26. gxf3 Rd1+
27. Kh2 e6 28. Rec2 Rb1 29. Rc8+ Rxc8 30. Rxc8+ Bf8 31. Bc5 Rc1 32. Rxf8+ 1-0